| 000 | 00455 a2200157 4500 | ||
|---|---|---|---|
| 001 | 66829 | ||
| 082 | _a621.815 SHI | ||
| 090 |
_c38578 _d38578 |
||
| 100 |
_aShigley, Joseph E. _aCharles R. Mischke ; Richard |
||
| 245 |
_aMechanical Engineering Design, 7th Ed _cJoseph E. Shigley |
||
| 250 | _a7 | ||
| 260 |
_aNew York _bMcGraw-Hill Higher Educ _c2004 |
||
| 300 |
_bxxiii, 1030 p. _cphotocopy |
||
| 500 | _aBE textbook Aerospace | ||
| 600 | _aRichard | ||
| 942 |
_aNUST-CAE _k621.815 SHI |
||
| 999 |
_c301902 _d301902 |
||